Good News / Social Ethics and the Press (Record no. 356)
[ view plain ]
| 000 -LEADER | |
|---|---|
| fixed length control field | 01411cam a22002174a 4500 |
| 005 - ΗΜΕΡΟΜΗΝΙΑ ΚΑΙ ΩΡΑ ΤΕΛΕΥΤΑΙΑΣ ΕΝΗΜΕΡΩΣΗΣ | |
| Πεδίο ελέγχου | 20250605163932.0 |
| 008 - FIXED-LENGTH DATA ELEMENTS--GENERAL INFORMATION | |
| Πεδίο ελέγχου σταθερού μήκους | 250528s ||||||||||||||||||||||||d |
| 035 ## - SYSTEM CONTROL NUMBER | |
| System control number | 14736 |
| 020 ## - ISBN | |
| ISBN | 195084322 |
| 040 ## - ΠΗΓΗ ΚΑΤΑΛΟΓΟΓΡΑΦΗΣΗΣ | |
| Φορέας πρωτότυπης καταλογογράφησης | MC Athens Campus Library |
| Γλώσσα καταλογογράφησης | Ελληνικά, Μοντέρνα (1453-) |
| Modifying agency | MC Athens Campus Library |
| Κανόνες περιγραφικής καταλογογράφησης | AACR2 |
| 245 1# - ΤΙΤΛΟΣ ΚΑΙ ΔΗΛΩΣΗ ΥΠΕΥΘΥΝΟΤΗΤΑΣ | |
| Τίτλος | Good News / Social Ethics and the Press |
| 260 ## - PUBLICATION, DISTRIBUTION, ETC. | |
| Name of publisher, distributor, etc. | Oxford University Press, |
| Date of publication, distribution, etc. | 1993 |
| 300 ## - PHYSICAL DESCRIPTION | |
| Extent | 272 |
| 520 ## - SUMMARY, ETC. | |
| Summary, etc. | An Intellectually provocative account of journalism and ethics that will in many ways define the terms of debate for years to come. Introduction, When Culture Suppresses, Perspective and World View, The Model's Four Elements, Enlightenment Individualism, The Eighteenth-Century Mind, Libertarian Press Theory, Academic Media Ethics, Deficiences in Individual Autonomy, Normative Social Ethics, Communitarian Ethics, The Incredibility of Ethical Relativism, Mutuality, Types of Ethical Thinking, Epilogue, Civic Transformation, Patchwork of Fundamental Change?, Rethinking the Press's Mission, News: The Justice Story, News: The Making of Covenant, News: The Empowerment Story, News as Social Narrative, Organizational Culture, Two Models, Corporate Moral Agency, Organizational Discourse, The Humanized Workplace, Institutional Infrastructure, Conclusion. |
| 700 1# - ΠΡΟΣΘΕΤΗ ΑΝΑΓΡΑΦΗ--ΦΥΣΙΚΟ ΠΡΟΣΩΠΟ | |
| Personal name | Christians Clifford G |
| 9 (RLIN) | 487 |
| 700 1# - ΠΡΟΣΘΕΤΗ ΑΝΑΓΡΑΦΗ--ΦΥΣΙΚΟ ΠΡΟΣΩΠΟ | |
| Personal name | Fackler Mark P |
| 9 (RLIN) | 488 |
| 700 1# - ΠΡΟΣΘΕΤΗ ΑΝΑΓΡΑΦΗ--ΦΥΣΙΚΟ ΠΡΟΣΩΠΟ | |
| Personal name | Ferre John P |
| 9 (RLIN) | 489 |
| 942 ## - ADDED ENTRY ELEMENTS (KOHA) | |
| Koha item type | Books |
| Τύπος τεκμηρίου | Βιβλιοθήκη | Τρέχουσα τοποθεσία | Barcode | Αριθμός εισαγωγής | Ημερομηνία απόκτησης | Ταξιθετικό σύμβολο | Αριθμός αντιτύπου | Κατάσταση απόσυρσης | Κατάσταση χαμένου | Κατάσταση κατεστραμμένου | Μη δανεισμός | Σύνολο δανεισμών | Ημερομηνία τελευταίας εμφάνισης | Η τιμή ισχύει από |
|---|---|---|---|---|---|---|---|---|---|---|---|---|---|---|
| Books | MC Athens Campus Library | MC Athens Campus Library | 9780000003553 | 4299 | 05/06/2025 | 174/.9097/0973 CHR | 1 | 05/06/2025 | 05/06/2025 |